Gods finger on a man : (Record no. 32937)
[ view plain ]
| 000 -LEADER | |
|---|---|
| fixed length control field | 00722nam a22002057a 4500 |
| 008 - FIXED-LENGTH DATA ELEMENTS--GENERAL INFORMATION | |
| fixed length control field | 250723b |||||||| |||| 00| 0 eng d |
| 020 ## - INTERNATIONAL STANDARD BOOK NUMBER | |
| ISBN | 9789789362455 |
| 040 ## - CATALOGING SOURCE | |
| Original cataloging agency | NLN |
| Language of cataloging | English |
| 100 ## - MAIN ENTRY--AUTHOR | |
| Author | AMAEFULA, Nneoma Comfort |
| Relator term | aut |
| 245 ## - TITLE STATEMENT | |
| Title | Gods finger on a man : |
| Remainder of title | biography of Rerd(Dr) Amaefula Frank Uchechukwu JP / |
| Statement of responsibility, etc | Amaefula Nneoma Comfort |
| 260 ## - PUBLICATION, DISTRIBUTION, ETC. (IMPRINT) | |
| Place of publication | Surulere, Lagos State (17, Association Avenue Ijesha) : |
| Name of publisher | Johpa Services, |
| Date of publication | 2013 |
| 300 ## - COLLATION | |
| Pagination | xiii, 212p. : |
| Other physical details | ill. , ports. ; 21cm |
| 563 ## - BINDING INFORMATION | |
| Binding note | (pbk) |
| 650 ## - TRACINGS | |
| Main Subject | Amaefula, Frank Uchechukwu |
| 650 ## - TRACINGS | |
| Main Subject | Evangeliste |
| Subdivision (1st) | Nigeria |
| Subdivision (2nd) | Biography |
| 942 ## - ADDED ENTRY ELEMENTS (KOHA) | |
| Item type | Books |
| Suppress in OPAC | No |
| 050 ## - LIBRARY OF CONGRESS CALL NUMBER | |
| Classification number | DT515.83 |
| Item number | .A479 A479 |
| 082 ## - DEWEY DECIMAL CLASSIFICATION NUMBER | |
| Classification number | 922.8 |
| Source of classification or shelving scheme | Not for loan | Home library | Current library | Date acquired | Accession No. | Full call number | Barcode. | Koha item type |
|---|---|---|---|---|---|---|---|---|
| Library of Congress Classification | YOLA BRANCH LIBRARY | National Library of Nigeria | 23/07/2025 | 191815 | DT515.83 A479 A479 | 191815 | Journals |
